000 00725cam a2200157 4500500
005 20260405001459.0
041 _afre
042 _adc
100 1 0 _aRibéreau-Gayon, Philippe
_eauthor
245 0 0 _aOlivier Le Cour Grandmaison La fabrique du roman national-républicain Éditions Amsterdam, 2025, 304 pages, 20 €.
260 _c2026.
500 _a60
520 _aLouise Nevelson transforme rebuts et fragments en visions monumentales. À Metz, une exposition révèle l’univers onirique et dansant de cette artiste majeure du XXe siècle.
786 0 _nÉtudes | - | 4 | 2026-03-31 | p. 128a-129 | 0014-1941
856 4 1 _uhttps://shs.cairn.info/revue-etudes-2026-4-page-128a?lang=fr&redirect-ssocas=7080
999 _c2048117
_d2048117